[Event "Olimpiada de Khanty-Mansiysk 2010"]
[Site "Khanty-Mansiysk RUS"]
[Date "2010.09.29"]
[Round "8"]
[White "Fier, Alexandr"]
[Black "Tologontegin, Semetey"]
[Result "1/2-1/2"]
[WhiteElo "2588"]
[BlackElo "2320"]
[PlyCount "224"]
[EventDate "2010.09.21"]
[EventType "team"]
[EventRounds "11"]
[EventCountry "RUS"]
[Source "lmi"]
[SourceDate "2010.09.21"]
[WhiteTeam "Brasil"]
[BlackTeam "Kyrgyzstan"]
[WhiteTeamCountry "BRA"]
[BlackTeamCountry "KGZ"]

1. e4 c6 2. Ne2 d5 3. e5 c5 4. d4 Nc6 5. c3 Bg4 6. f3 Bf5 7. dxc5 Nxe5 8. Ng3
Be6 9. Na3 Nf6 10. Nb5 Nc6 11. Bd3 g6 12. Bf4 Rc8 13. Qd2 Bg7 14. Bh6 Bxh6 15.
Qxh6 Ne5 16. Be2 a6 17. Nd4 Rxc5 18. f4 Neg4 19. Bxg4 Nxg4 20. Qh4 Ne3 21. Kf2
Nf5 22. Ngxf5 Bxf5 23. Rhe1 Be4 24. Rad1 Qb6 25. Rd2 Rc7 26. Re3 f6 27. f5 gxf5
28. Qh5+ Kd8 29. Nxf5 Kc8 30. Ng3 Bxg2 31. Qg4+ Kb8 32. Qg7 Rcc8 33. Rde2 Be4
34. Qxe7 Rce8 35. Qg7 f5 36. Qg5 Qc7 37. Nxe4 Qxh2+ 38. Ke1 Qh1+ 39. Kd2 dxe4
40. Qf4+ Ka8 41. Re1 Qh5 42. Rf1 Rhf8 43. Kc1 Rd8 44. b4 Qf7 45. Rf2 Qc4 46.
Kb2 Rf7 47. Qg5 Rfd7 48. Ree2 Rd3 49. Rc2 R8d5 50. Rxf5 e3 51. Rf8+ Ka7 52. Qg3
Rd6 53. Qe5 Qd5 54. Re8 Qxe5 55. Rxe5 Rf6 56. Kb3 Rf1 57. a4 Rb1+ 58. Ka2 Rh1
59. Kb3 h5 60. b5 a5 61. Re6 h4 62. Ka2 h3 63. b6+ Ka6 64. Rb2 h2 65. Re8 Ra1+
66. Kxa1 h1=Q+ 67. Rb1 Qxb1+ 68. Kxb1 Rxc3 69. Kb2 Rd3 70. Re6 Rd2+ 71. Kc3 Ra2
72. Kb3 Re2 73. Kc3 Re1 74. Kb2 e2 75. Ka2 Rh1 76. Rxe2 Rh4 77. Ka3 Rh3+ 78.
Kb2 Kxb6 79. Re5 Rh4 80. Ka3 Rc4 81. Rb5+ Ka6 82. Rh5 Rc3+ 83. Kb2 Rc6 84. Ka3
Kb6 85. Rb5+ Ka6 86. Rh5 Rc7 87. Kb3 Kb6 88. Rb5+ Ka6 89. Rh5 Rg7 90. Rh6+ b6
91. Rf6 Rg3+ 92. Kb2 Rg4 93. Ka3 Rg7 94. Rh6 Kb7 95. Kb3 Rg3+ 96. Kb2 Rd3 97.
Rg6 Kc7 98. Rh6 Rd6 99. Rxd6 Kxd6 100. Kc2 Kc6 101. Kd2 Kd6 102. Kc2 Ke6 103.
Kc3 Kd5 104. Kd3 Kc5 105. Kc3 b5 106. axb5 Kxb5 107. Kd2 Kb4 108. Kc2 a4 109.
Kb1 Kb3 110. Ka1 a3 111. Kb1 a2+ 112. Ka1 Ka3 1/2-1/2

[Event "Olimpiada de Khanty-Mansiysk 2010"]
[Site "Khanty-Mansiysk RUS"]
[Date "2010.09.29"]
[Round "8"]
[White "Diamant, Andre"]
[Black "Samakov, Nurdin"]
[Result "1-0"]
[WhiteElo "2498"]
[BlackElo "2356"]
[PlyCount "101"]
[EventDate "2010.09.21"]
[EventType "team"]
[EventRounds "11"]
[EventCountry "RUS"]
[Source "lmi"]
[SourceDate "2010.09.21"]
[WhiteTeam "Brasil"]
[BlackTeam "Kyrgyzstan"]
[WhiteTeamCountry "BRA"]
[BlackTeamCountry "KGZ"]

1. e4 e5 2. Nf3 Nc6 3. Bb5 a6 4. Ba4 Nf6 5. O-O Be7 6. Re1 b5 7. Bb3 d6 8. c3
O-O 9. h3 Na5 10. Bc2 c5 11. d4 Nd7 12. Nbd2 exd4 13. cxd4 Nc6 14. d5 Nce5 15.
Nh2 Nb6 16. f4 Ng6 17. f5 Ne5 18. Ndf3 Nbc4 19. b3 Bf6 20. Rb1 Nb6 21. g4 h6
22. Nxe5 Bxe5 23. Nf3 Nd7 24. Kg2 Bf6 25. Rh1 Ne5 26. Nxe5 Bxe5 27. h4 Kh7 28.
g5 Rh8 29. Qh5 Kg8 30. gxh6 gxh6 31. Bxh6 Bg7 32. Qg5 Qxg5+ 33. Bxg5 Be5 34.
Kf3 Bd7 35. Rbg1 Kf8 36. f6 Bd4 37. Rg2 a5 38. h5 Ke8 39. Bf4 Ra6 40. h6 Bxf6
41. h7 Ke7 42. Rg8 Ra8 43. Rxa8 Rxa8 44. Rh6 Rh8 45. Bxd6+ Kxd6 46. Rxf6+ Ke5
47. Rxf7 Bh3 48. Ke3 Bg4 49. Rg7 Bh3 50. Rg5+ Kf6 51. Rg8 1-0

[Event "Olimpiada de Khanty-Mansiysk 2010"]
[Site "Khanty-Mansiysk RUS"]
[Date "2010.09.29"]
[Round "8.1"]
[White "Shirov, Alexei"]
[Black "Berg, Emanuel"]
[Result "1-0"]
[WhiteElo "2749"]
[BlackElo "2616"]
[PlyCount "71"]
[EventDate "2010.09.21"]
[EventType "team"]
[EventRounds "11"]
[EventCountry "RUS"]
[Source "lmi"]
[SourceDate "2010.09.21"]
[WhiteTeam "España"]
[BlackTeam "Suecia"]
[WhiteTeamCountry "ESP"]
[BlackTeamCountry "SWE"]

1. e4 c5 2. Nf3 d6 3. d4 cxd4 4. Nxd4 Nf6 5. Nc3 a6 6. Bg5 e6 7. f4 Nbd7 8. Qe2
Qc7 9. O-O-O b5 10. a3 Bb7 11. g4 Be7 12. Bh4 Nb6 13. g5 Nfd7 14. f5 e5 15. Nf3
Nc4 16. Bh3 f6 17. gxf6 gxf6 18. Nd5 Bxd5 19. Rxd5 Ndb6 20. Rd3 b4 21. a4 Nxb2
22. Kxb2 Nxa4+ 23. Kc1 Nc3 24. Qe3 Rc8 25. Kd2 d5 26. exd5 e4 27. Bxf6 Bxf6 28.
d6 Qd7 29. Ne5 Bxe5 30. f6 Nb1+ 31. Ke1 Qc6 32. d7+ Kf7 33. dxc8=Q Rxc8 34.
Rd7+ Ke8 35. Re7+ Kd8 36. Rxe5 1-0

[Event "Olimpiada de Khanty-Mansiysk 2010"]
[Site "Khanty-Mansiysk RUS"]
[Date "2010.09.29"]
[Round "8.3"]
[White "Salgado Lopez, Ivan"]
[Black "Hillarp Persson, Tiger"]
[Result "1/2-1/2"]
[WhiteElo "2595"]
[BlackElo "2517"]
[PlyCount "129"]
[EventDate "2010.09.21"]
[EventType "team"]
[EventRounds "11"]
[EventCountry "RUS"]
[Source "lmi"]
[SourceDate "2010.09.21"]
[WhiteTeam "España"]
[BlackTeam "Suecia"]
[WhiteTeamCountry "ESP"]
[BlackTeamCountry "SWE"]

1. e4 d6 2. d4 Nf6 3. Nc3 g6 4. Nf3 Bg7 5. Be2 O-O 6. O-O e6 7. Be3 h6 8. h3
Nc6 9. Qd2 Kh7 10. Rad1 b6 11. e5 Nd5 12. Nxd5 exd5 13. exd6 cxd6 14. Bf4 g5
15. Qd3+ f5 16. Bc1 Kh8 17. c3 Ne7 18. Nh2 f4 19. Bg4 Bxg4 20. hxg4 Qd7 21.
Rde1 Rae8 22. Qf3 Qc6 23. Qh3 Nc8 24. Qh5 Kg8 25. Nf3 Qd7 26. b3 Qf7 27. Qxf7+
Kxf7 28. Kh2 Rxe1 29. Rxe1 Ne7 30. g3 fxg3+ 31. Kxg3 Ng8 32. Nh2 Rc8 33. Bd2
Nf6 34. f3 b5 35. Nf1 Re8 36. Ne3 Bf8 37. Kf2 Kg6 38. Ra1 Rb8 39. a4 bxa4 40.
b4 Rb7 41. Rxa4 Kf7 42. Ra5 Ke6 43. Ke2 Be7 44. Nf5 Bf8 45. Ng3 Nd7 46. Nf5 Nb6
47. Ne3 Rh7 48. Ra1 Rf7 49. Rh1 Kd7 50. Nf5 Nc4 51. Nxh6 Re7+ 52. Kd3 Nxd2 53.
Nf5 Nxf3 54. Nxe7 Bxe7 55. Ra1 Bd8 56. Rxa7+ Bc7 57. b5 Kc8 58. Ra2 Kb7 59. Rf2
Nh4 60. c4 dxc4+ 61. Kxc4 Kb6 62. Rf8 Ng2 63. Rg8 Ne3+ 64. Kd3 Nxg4 65. Rxg5
1/2-1/2

[Event "Olimpiada de Khanty-Mansiysk 2010"]
[Site "Khanty-Mansiysk RUS"]
[Date "2010.09.29"]
[Round "8"]
[White "Le, Quang Liem"]
[Black "Papaioannou, Ioannis"]
[Result "1/2-1/2"]
[WhiteElo "2694"]
[BlackElo "2622"]
[PlyCount "102"]
[EventDate "2010.09.21"]
[EventType "team"]
[EventRounds "11"]
[EventCountry "RUS"]
[Source "lmi"]
[SourceDate "2010.09.21"]
[WhiteTeam "Vietnam"]
[BlackTeam "Grecia"]
[WhiteTeamCountry "VIE"]
[BlackTeamCountry "GRE"]

1. Nf3 Nf6 2. c4 e6 3. g3 d5 4. d4 Bb4+ 5. Bd2 Bd6 6. Bg2 O-O 7. O-O c6 8. Nc3
Nbd7 9. e4 dxe4 10. Ng5 Be7 11. Ngxe4 Nxe4 12. Nxe4 e5 13. d5 f5 14. d6 fxe4
15. dxe7 Qxe7 16. Bxe4 Nf6 17. Bg2 Bf5 18. Qe2 Rad8 19. Rfe1 Bd3 20. Qxe5 Qxe5
21. Rxe5 Bxc4 22. Bf4 Rfe8 23. Rxe8+ Rxe8 24. Be3 a6 25. a4 Bd5 26. Bh3 Re4 27.
Bc5 Re2 28. Bd4 Ne4 29. Bg4 Rd2 30. Rd1 Kf7 31. a5 g6 32. Kf1 h5 33. Be2 Rxd1+
34. Bxd1 Nd2+ 35. Ke2 Nf3 36. Ke3 Nxh2 37. Kf4 g5+ 38. Kxg5 Nf3+ 39. Bxf3 Bxf3
40. Kf4 Bd1 41. Ke5 Kg6 42. Bc5 Bf3 43. Kd6 Kf5 44. Kc7 Be2 45. Kxb7 Bb5 46. f3
Be2 47. b4 Bb5 48. Kc7 Be2 49. f4 Bb5 50. Kd6 h4 51. gxh4 Kxf4 1/2-1/2

[Event "Olimpiada de Khanty-Mansiysk 2010"]
[Site "Khanty-Mansiysk RUS"]
[Date "2010.09.29"]
[Round "8"]
[White "Banikas, Hristos"]
[Black "Nguyen, Ngoc Truong Son"]
[Result "1-0"]
[WhiteElo "2590"]
[BlackElo "2633"]
[PlyCount "59"]
[EventDate "2010.09.21"]
[EventType "team"]
[EventRounds "11"]
[EventCountry "RUS"]
[Source "lmi"]
[SourceDate "2010.09.21"]
[WhiteTeam "Grecia"]
[BlackTeam "Vietnam"]
[WhiteTeamCountry "GRE"]
[BlackTeamCountry "VIE"]

1. Nf3 d5 2. d4 c6 3. c4 Nf6 4. Nc3 a6 5. a4 e6 6. g3 dxc4 7. Bg2 c5 8. dxc5
Qxd1+ 9. Nxd1 Bxc5 10. Ne5 Nd5 11. Ne3 Bb4+ 12. Kf1 O-O 13. N5xc4 Nd7 14. Bxd5
exd5 15. Nxd5 Nc5 16. Nxb4 Nb3 17. Ra3 Nxc1 18. Kg2 Nxe2 19. Nb6 Rb8 20. Rd1
Bf5 21. Re3 Rfe8 22. Re1 a5 23. N4d5 Rxe3 24. fxe3 Bd3 25. Kf2 h5 26. Rd1 Ba6
27. Nc7 Kh7 28. Nb5 Nxg3 29. hxg3 g5 30. Rd5 1-0

[Event "Olimpiada de Khanty-Mansiysk 2010"]
[Site "Khanty-Mansiysk RUS"]
[Date "2010.09.29"]
[Round "8"]
[White "Nguyen, Anh Dung"]
[Black "Mastrovasilis, Dimitrios"]
[Result "1/2-1/2"]
[WhiteElo "2500"]
[BlackElo "2569"]
[PlyCount "48"]
[EventDate "2010.09.21"]
[EventType "team"]
[EventRounds "11"]
[EventCountry "RUS"]
[Source "lmi"]
[SourceDate "2010.09.21"]
[WhiteTeam "Vietnam"]
[BlackTeam "Grecia"]
[WhiteTeamCountry "VIE"]
[BlackTeamCountry "GRE"]

1. d4 d5 2. c4 c6 3. Nf3 Nf6 4. cxd5 cxd5 5. Nc3 Nc6 6. Bf4 a6 7. e3 Bg4 8. h3
Bxf3 9. Qxf3 e6 10. Bd3 Bd6 11. Bg5 Be7 12. O-O O-O 13. Rfc1 Rc8 14. Qe2 h6 15.
Bf4 Bd6 16. Bxd6 Qxd6 17. Na4 e5 18. dxe5 Nxe5 19. Rxc8 Rxc8 20. Rd1 Nxd3 21.
Rxd3 Rc1+ 22. Rd1 Rxd1+ 23. Qxd1 Qb4 24. a3 Qc4 1/2-1/2

[Event "Olimpiada de Khanty-Mansiysk 2010"]
[Site "Khanty-Mansiysk RUS"]
[Date "2010.09.29"]
[Round "8"]
[White "Mastrovasilis, Athanasios"]
[Black "Dao, Thien Hai"]
[Result "0-1"]
[WhiteElo "2556"]
[BlackElo "2520"]
[PlyCount "90"]
[EventDate "2010.09.21"]
[EventType "team"]
[EventRounds "11"]
[EventCountry "RUS"]
[Source "lmi"]
[SourceDate "2010.09.21"]
[WhiteTeam "Grecia"]
[BlackTeam "Vietnam"]
[WhiteTeamCountry "GRE"]
[BlackTeamCountry "VIE"]

1. Nf3 d5 2. c4 d4 3. b4 c5 4. e3 f6 5. exd4 cxd4 6. c5 a5 7. Bc4 axb4 8. Qb3
e6 9. O-O Bxc5 10. Re1 Ne7 11. Bxe6 Bxe6 12. Qxe6 Nbc6 13. Bb2 Qd6 14. Qxd6
Bxd6 15. d3 Kf7 16. Nbd2 Rhd8 17. Nb3 Ne5 18. Nxe5+ fxe5 19. f4 exf4 20. Bxd4
Nc6 21. Bc5 Be5 22. d4 Bf6 23. Re4 Ra6 24. Rxf4 Rd5 25. a3 b6 26. Bxb4 Nxb4 27.
axb4 Rxa1+ 28. Nxa1 Rxd4 29. Rf1 Rxb4 30. Nc2 Rb2 31. Ne3 Ke6 32. Re1 Bc3 33.
Nd1+ Bxe1 34. Nxb2 Kd5 35. Kf1 Bc3 36. Nd3 b5 37. Ke2 b4 38. Nc1 Kc4 39. Ke3 b3
40. Nxb3 Kxb3 41. g4 Kc4 42. Ke4 Kc5 43. h4 Kd6 44. Kf5 Ke7 45. h5 Kf7 0-1

[Event "Olimpiada de Khanty-Mansiysk 2010"]
[Site "Khanty-Mansiysk RUS"]
[Date "2010.09.29"]
[Round "8"]
[White "Adams, Michael"]
[Black "Buhmann, Rainer"]
[Result "1-0"]
[WhiteElo "2728"]
[BlackElo "2563"]
[PlyCount "81"]
[EventDate "2010.09.21"]
[EventType "team"]
[EventRounds "11"]
[EventCountry "RUS"]
[Source "lmi"]
[SourceDate "2010.09.21"]
[WhiteTeam "Inglaterra"]
[BlackTeam "Alemania"]
[WhiteTeamCountry "ENG"]
[BlackTeamCountry "GER"]

1. e4 e5 2. Nf3 Nc6 3. Bb5 Nf6 4. d3 Bc5 5. c3 O-O 6. O-O d5 7. exd5 Qxd5 8.
Bc4 Qd8 9. b4 Bd6 10. Nbd2 h6 11. Re1 Re8 12. a4 a6 13. Bb2 Rb8 14. Qb3 Re7 15.
Ne4 Nxe4 16. dxe4 b5 17. Bd5 Be6 18. axb5 axb5 19. Ra6 Qd7 20. Rd1 Ree8 21. h3
Rbd8 22. Bxe6 Rxe6 23. Bc1 Qe8 24. Be3 Ra8 25. Qa2 Rb8 26. Qe2 Ne7 27. Nh4 Ng6
28. Nf5 Bf8 29. Ra7 Nf4 30. Qf1 Rc6 31. g3 Ne6 32. Bd2 Rcb6 33. Qe2 Rd8 34. Be3
Rxd1+ 35. Qxd1 Rc6 36. Qd5 f6 37. Qxb5 Kf7 38. Qd3 g6 39. b5 Rc5 40. Bxc5 Bxc5
41. Nd6+ 1-0

[Event "Olimpiada de Khanty-Mansiysk 2010"]
[Site "Khanty-Mansiysk RUS"]
[Date "2010.09.29"]
[Round "8"]
[White "Bogner, Sebastian"]
[Black "McShane, Luke J"]
[Result "1/2-1/2"]
[WhiteElo "2549"]
[BlackElo "2657"]
[PlyCount "208"]
[EventDate "2010.09.21"]
[EventType "team"]
[EventRounds "11"]
[EventCountry "RUS"]
[Source "lmi"]
[SourceDate "2010.09.21"]
[WhiteTeam "Alemania"]
[BlackTeam "Inglaterra"]
[WhiteTeamCountry "GER"]
[BlackTeamCountry "ENG"]

1. d4 Nf6 2. c4 g6 3. Nc3 Bg7 4. e4 d6 5. Nf3 O-O 6. Be2 c5 7. O-O Re8 8. Be3
b6 9. d5 e6 10. Nd2 Na6 11. Bf4 Nc7 12. Bg3 exd5 13. cxd5 Ba6 14. Bxa6 Nxa6 15.
Qa4 Nb4 16. a3 Nd3 17. Qc2 Ne5 18. h3 Nh5 19. Bh2 g5 20. g3 g4 21. hxg4 Nxg4
22. Nf3 Qd7 23. a4 Nxh2 24. Nxh2 a6 25. Kg2 Kh8 26. Rh1 Rg8 27. Ne2 f5 28. exf5
Raf8 29. Ng4 Qxf5 30. Qxf5 Rxf5 31. Ne3 Re5 32. Nc3 Bf8 33. Nc4 Rf5 34. Rad1
Nf4+ 35. Kf1 Nh5 36. Kg2 Nf4+ 37. Kf1 Nh5 38. Ke2 Nf6 39. Nxb6 Rg4 40. a5 Ne4
41. Rdf1 Bg7 42. Nd1 Rg6 43. Rh4 Re5 44. Ne3 Bf6 45. Rh3 Re7 46. Nbc4 Rb7 47.
Kd3 Ng5 48. Rh5 Nf7 49. Kc2 Nh6 50. b3 Bd4 51. Nf5 Nxf5 52. Rxf5 Re7 53. Kd3
Kg7 54. Rb1 Kg8 55. Nd2 Rg4 56. b4 Bg7 57. bxc5 Rd4+ 58. Kc2 Re2 59. Rb8+ Bf8
60. Rfxf8+ Kg7 61. Rg8+ Kh6 62. cxd6 Rexd2+ 63. Kc3 R2d3+ 64. Kb2 Rd2+ 65. Ka3
Rxd5 66. Rb6 R2d3+ 67. Ka4 R3d4+ 68. Rb4 Rxd6 69. Rgb8 Kg5 70. Rg8+ Kf5 71.
Rxd4 Rxd4+ 72. Kb3 Rd5 73. Kb4 Rb5+ 74. Ka4 Rc5 75. Ra8 Rc6 76. Rb8 Rc2 77. Rb6
Ra2+ 78. Kb4 Rb2+ 79. Kc5 Rc2+ 80. Kb4 Rb2+ 81. Kc4 Rc2+ 82. Kd4 Rxf2 83. Ke3
Ra2 84. Rxa6 Ra3+ 85. Kf2 Ra2+ 86. Kf3 Ra3+ 87. Kf2 Ra2+ 88. Ke3 Ra3+ 89. Kd4
Rxg3 90. Rh6 Ra3 91. Rxh7 Ke6 92. a6 Kd6 93. Kc4 Kc6 94. Rh6+ Kc7 95. Kb5 Rb3+
96. Kc5 Rc3+ 97. Kb4 Rc1 98. a7 Rb1+ 99. Kc5 Rc1+ 100. Kb5 Rb1+ 101. Kc4 Rc1+
102. Kb3 Ra1 103. Rh7+ Kb6 104. a8=N+ Rxa8 1/2-1/2

[Event "Olimpiada de Khanty-Mansiysk 2010"]
[Site "Khanty-Mansiysk RUS"]
[Date "2010.09.29"]
[Round "8"]
[White "Howell, David W L"]
[Black "Bindrich, Falko"]
[Result "1-0"]
[WhiteElo "2616"]
[BlackElo "2507"]
[PlyCount "59"]
[EventDate "2010.09.21"]
[EventType "team"]
[EventRounds "11"]
[EventCountry "RUS"]
[Source "lmi"]
[SourceDate "2010.09.21"]
[WhiteTeam "Inglaterra"]
[BlackTeam "Alemania"]
[WhiteTeamCountry "ENG"]
[BlackTeamCountry "GER"]

1. e4 e5 2. Nf3 Nc6 3. Bc4 Bc5 4. c3 Nf6 5. d3 a6 6. Bb3 Ba7 7. h3 d6 8. Nbd2
O-O 9. Nf1 d5 10. Qe2 Be6 11. Bc2 dxe4 12. dxe4 Nh5 13. g3 Qd7 14. Ng5 g6 15.
Ne3 Rad8 16. Ng4 Qe7 17. Nxe6 fxe6 18. Bh6 Rf7 19. Rd1 Rd6 20. Rd3 Rxd3 21.
Qxd3 Kh8 22. O-O Ng7 23. b4 Qd6 24. Rd1 Ne8 25. Bb3 Qe7 26. Qc4 Rf3 27. Qxe6
Qxe6 28. Bxe6 Nd6 29. Ne3 Nxe4 30. Rd7 1-0

[Event "Olimpiada de Khanty-Mansiysk 2010"]
[Site "Khanty-Mansiysk RUS"]
[Date "2010.09.29"]
[Round "8"]
[White "Stevic, Hrvoje"]
[Black "Djukic, Nikola"]
[Result "1/2-1/2"]
[WhiteElo "2607"]
[BlackElo "2475"]
[PlyCount "43"]
[EventDate "2010.09.21"]
[EventType "team"]
[EventRounds "11"]
[EventCountry "RUS"]
[Source "lmi"]
[SourceDate "2010.09.21"]
[WhiteTeam "Croacia"]
[BlackTeam "MNE"]
[WhiteTeamCountry "CRO"]

1. e4 c5 2. d3 g6 3. f4 Bg7 4. Nf3 Nc6 5. Be2 d6 6. O-O e6 7. c3 Nge7 8. Be3
O-O 9. d4 b6 10. Na3 cxd4 11. cxd4 Bb7 12. Qd2 a6 13. Rac1 b5 14. b4 Qd7 15.
Nc2 Nd8 16. Bd3 f5 17. e5 Bd5 18. Na1 Ndc6 19. a3 Nc8 20. Qf2 Nb6 21. Nd2 Nd8
22. Be2 1/2-1/2

[Event "Olimpiada de Khanty-Mansiysk 2010"]
[Site "Khanty-Mansiysk RUS"]
[Date "2010.09.29"]
[Round "8"]
[White "Kosic, Dragan"]
[Black "Kozul, Zdenko"]
[Result "0-1"]
[WhiteElo "2481"]
[BlackElo "2604"]
[PlyCount "80"]
[EventDate "2010.09.21"]
[EventType "team"]
[EventRounds "11"]
[EventCountry "RUS"]
[Source "lmi"]
[SourceDate "2010.09.21"]
[WhiteTeam "MNE"]
[BlackTeam "Croacia"]
[BlackTeamCountry "CRO"]

1. d4 Nf6 2. Nf3 g6 3. Bg5 Bg7 4. Nbd2 d5 5. e3 O-O 6. Be2 c5 7. c3 Nbd7 8. O-O
b6 9. a4 a6 10. Qb3 Bb7 11. Rfd1 Re8 12. Bh4 c4 13. Qc2 b5 14. b3 Bc6 15. bxc4
bxc4 16. a5 Qc8 17. h3 e6 18. Bg3 Bf8 19. Qa2 Nh5 20. Bh2 f5 21. Ne5 Nhf6 22.
Nxc6 Qxc6 23. Qa4 Qxa4 24. Rxa4 Red8 25. f3 Ne8 26. e4 Bd6 27. e5 Be7 28. Nxc4
dxc4 29. Rxc4 Kf7 30. g4 Ra7 31. gxf5 gxf5 32. f4 Rc7 33. Rb1 Rb8 34. Rxb8 Nxb8
35. Bg3 Rxc4 36. Bxc4 Nc7 37. Be1 Bd8 38. Kg2 Nd5 39. Bxd5 exd5 40. c4 Ke6 0-1

[Event "Olimpiada de Khanty-Mansiysk 2010"]
[Site "Khanty-Mansiysk RUS"]
[Date "2010.09.29"]
[Round "8"]
[White "Saric, Ivan"]
[Black "Blagojevic, Dragisa"]
[Result "1-0"]
[WhiteElo "2567"]
[BlackElo "2481"]
[PlyCount "99"]
[EventDate "2010.09.21"]
[EventType "team"]
[EventRounds "11"]
[EventCountry "RUS"]
[Source "lmi"]
[SourceDate "2010.09.21"]
[WhiteTeam "Croacia"]
[BlackTeam "MNE"]
[WhiteTeamCountry "CRO"]

1. e4 e5 2. Nf3 Nc6 3. Bb5 a6 4. Ba4 Nf6 5. O-O Be7 6. Re1 b5 7. Bb3 d6 8. c3
O-O 9. h3 Na5 10. Bc2 c5 11. d4 Nd7 12. Nbd2 cxd4 13. cxd4 Nc6 14. Nb3 a5 15.
Bd3 Ba6 16. d5 Nb4 17. Bf1 a4 18. Nbd4 exd4 19. a3 Nxd5 20. exd5 Ne5 21. Nxd4
Qd7 22. Bd2 Bf6 23. Bc3 Rfe8 24. Qd2 Be7 25. f4 Nc4 26. Bxc4 bxc4 27. Nc6 Bf8
28. Qd4 Qb7 29. f5 f6 30. Qg4 Re5 31. Nxe5 dxe5 32. Rad1 Rd8 33. Qe4 Qb5 34.
Rd2 Bb7 35. Red1 h6 36. Kh1 Kh7 37. Kh2 Kg8 38. Qe3 Bc5 39. Qe2 Rd6 40. Kh1 Bb6
41. Qe4 Bd4 42. Bxd4 Rxd5 43. Qe2 exd4 44. Rxd4 Rxf5 45. Qxc4+ Qxc4 46. Rxc4
Rf2 47. Rd8+ Kh7 48. Rd7 Bxg2+ 49. Kg1 Rxb2 50. Rg4 1-0

[Event "Olimpiada de Khanty-Mansiysk 2010"]
[Site "Khanty-Mansiysk RUS"]
[Date "2010.09.29"]
[Round "8"]
[White "Kalezic, Blazo"]
[Black "Palac, Mladen"]
[Result "1/2-1/2"]
[WhiteElo "2449"]
[BlackElo "2561"]
[PlyCount "100"]
[EventDate "2010.09.21"]
[EventType "team"]
[EventRounds "11"]
[EventCountry "RUS"]
[Source "lmi"]
[SourceDate "2010.09.21"]
[WhiteTeam "MNE"]
[BlackTeam "Croacia"]
[BlackTeamCountry "CRO"]

1. e4 c5 2. Nf3 d6 3. d4 cxd4 4. Nxd4 Nf6 5. Nc3 a6 6. Be3 e5 7. Nb3 Be7 8. f3
Be6 9. Qd2 O-O 10. O-O-O Nbd7 11. g4 b5 12. g5 b4 13. Ne2 Ne8 14. f4 a5 15. f5
a4 16. fxe6 axb3 17. exf7+ Rxf7 18. Kb1 bxc2+ 19. Kxc2 Nb6 20. Nc1 d5 21. exd5
Ra5 22. Bxb6 Qxb6 23. Kb1 Nd6 24. h4 Rf2 25. Be2 Rf4 26. Qc2 Rc5 27. Qb3 Rf2
28. Rhf1 Rxf1 29. Bxf1 Rc7 30. Nd3 Qd4 31. Qxb4 Qxd5 32. Qe1 e4 33. Nb4 Qe5 34.
Qd2 Rc5 35. Nd5 Bf8 36. Ne3 Qf4 37. Qd4 Rc8 38. Nc4 Rd8 39. Nxd6 Rxd6 40. Qc4+
Kh8 41. Rxd6 Qxd6 42. a3 e3 43. Ka2 Qe7 44. b4 g6 45. Kb3 h6 46. gxh6 Bxh6 47.
a4 Bg7 48. a5 Qf6 49. Bd3 e2 50. Bxe2 Qe5 1/2-1/2

[Event "Olimpiada de Khanty-Mansiysk 2010"]
[Site "Khanty-Mansiysk RUS"]
[Date "2010.09.29"]
[Round "8"]
[White "Gopal Narayanan, Geetha"]
[Black "Atabayev, Maksat"]
[Result "1/2-1/2"]
[WhiteElo "2603"]
[BlackElo "2318"]
[PlyCount "160"]
[EventDate "2010.09.21"]
[EventType "team"]
[EventRounds "11"]
[EventCountry "RUS"]
[Source "lmi"]
[SourceDate "2010.09.21"]
[WhiteTeam "India"]
[BlackTeam "Turkmenistán"]
[WhiteTeamCountry "IND"]
[BlackTeamCountry "TKM"]

1. e4 e6 2. d4 d5 3. Nd2 dxe4 4. Nxe4 Bd7 5. Nf3 Bc6 6. Bd3 Nd7 7. O-O Ngf6 8.
Ng3 Be7 9. Qe2 Bxf3 10. Qxf3 c6 11. c3 O-O 12. Re1 Re8 13. Bc2 Qb6 14. Rb1 Qa5
15. a3 Qd5 16. Ne4 Qh5 17. Qg3 Nxe4 18. Bxe4 Nf6 19. Bc2 Rad8 20. Bf4 Qg4 21.
Qxg4 Nxg4 22. Bd1 Nf6 23. Bf3 Bd6 24. Bd2 Bc7 25. Rbd1 h6 26. a4 a5 27. g3 Kf8
28. Kg2 Rd7 29. h4 Red8 30. Bc1 Nd5 31. Be2 Nb6 32. b3 Nd5 33. Bd2 Nf6 34. Bc1
e5 35. Ba3+ Kg8 36. Bc4 exd4 37. Rxd4 Rxd4 38. cxd4 Rd7 39. h5 Bd8 40. Bb2 Be7
41. Re5 Bb4 42. Kf3 Kf8 43. g4 Bd2 44. Re2 Bb4 45. Re5 Bd2 46. Rf5 b6 47. Ke2
Bb4 48. g5 Re7+ 49. Kd3 hxg5 50. h6 Nh7 51. d5 g6 52. Bg7+ Kg8 53. Re5 Rxe5 54.
Bxe5 cxd5 55. Bxd5 Bc5 56. f3 Nf8 57. Kc4 Be3 58. Kb5 Ne6 59. Bxe6 fxe6 60. Kc6
Kh7 61. Bg7 Bc5 62. Kb5 Be3 63. Kc6 Bc5 64. Kb5 Be3 65. Kc4 Bc5 66. Kd3 Bd6 67.
Ke4 Bc7 68. Bf8 Bf4 69. Bg7 Bc7 70. Bf8 Bf4 71. Bg7 Bc7 72. Ke3 Bf4+ 73. Kf2
Bd6 74. Kg2 Bc7 75. Kh3 Bd8 76. Kg4 Kg8 77. Bd4 Kh7 78. Bg7 Kg8 79. Bd4 Kh7 80.
Bg7 Kg8 1/2-1/2

[Event "Olimpiada de Khanty-Mansiysk 2010"]
[Site "Khanty-Mansiysk RUS"]
[Date "2010.09.29"]
[Round "8"]
[White "Delchev, Aleksander"]
[Black "Laylo, Darwin"]
[Result "1-0"]
[WhiteElo "2623"]
[BlackElo "2522"]
[PlyCount "103"]
[EventDate "2010.09.21"]
[EventType "team"]
[EventRounds "11"]
[EventCountry "RUS"]
[Source "lmi"]
[SourceDate "2010.09.21"]
[WhiteTeam "Bulgaria"]
[BlackTeam "Filipinas"]
[WhiteTeamCountry "BUL"]
[BlackTeamCountry "PHI"]

1. Nf3 Nf6 2. c4 g6 3. Nc3 d5 4. cxd5 Nxd5 5. Qb3 Nb6 6. d4 Bg7 7. e4 O-O 8.
Be3 Bg4 9. a4 a5 10. d5 Na6 11. Be2 Bxf3 12. Bxf3 Nd7 13. O-O c5 14. Be2 Nb4
15. Nb5 Rc8 16. Rac1 Qb6 17. Bg4 Rfd8 18. Rfd1 Qf6 19. Rd2 Qe5 20. Rc4 f5 21.
f4 Qf6 22. Bf3 fxe4 23. Rxe4 Kh8 24. Re6 c4 25. Qd1 Qf7 26. Bg4 Nc5 27. Rb6 Nb3
28. Bxc8 Rxc8 29. d6 Nxd2 30. Qxd2 Qd5 31. dxe7 Re8 32. Rd6 Qxd2 33. Rxd2 Nc6
34. Bc5 b6 35. Nc7 bxc5 36. Nxe8 Bd4+ 37. Kf1 Nxe7 38. Nd6 c3 39. bxc3 Bxc3 40.
Re2 Nd5 41. Re8+ Kg7 42. Nc4 Bb4 43. Ra8 Nc3 44. Nxa5 Nxa4 45. Nc4 Nc3 46. Kf2
Nd5 47. Kf3 Bc3 48. Ra7+ Kg8 49. g4 Nf6 50. Nd6 Bd4 51. Ne4 Nd5 52. Ra5 1-0

[Event "Olimpiada de Khanty-Mansiysk 2010"]
[Site "Khanty-Mansiysk RUS"]
[Date "2010.09.29"]
[Round "8"]
[White "Torre, Eugenio"]
[Black "Berbatov, Kiprian"]
[Result "1-0"]
[WhiteElo "2489"]
[BlackElo "2461"]
[PlyCount "117"]
[EventDate "2010.09.21"]
[EventType "team"]
[EventRounds "11"]
[EventCountry "RUS"]
[Source "lmi"]
[SourceDate "2010.09.21"]
[WhiteTeam "Filipinas"]
[BlackTeam "Bulgaria"]
[WhiteTeamCountry "PHI"]
[BlackTeamCountry "BUL"]

1. d4 Nf6 2. Nf3 e6 3. Bg5 h6 4. Bh4 b6 5. e3 Bb7 6. Nbd2 d6 7. Bb5+ Nbd7 8.
O-O g5 9. Bg3 a6 10. Bd3 Nh5 11. e4 Bg7 12. c3 Qe7 13. Nc4 O-O 14. Re1 Nxg3 15.
hxg3 c5 16. d5 b5 17. Ne3 Rab8 18. Bc2 Bc8 19. Qd3 Rd8 20. Rad1 Nf8 21. Nh2 Ng6
22. dxe6 fxe6 23. e5 Nxe5 24. Qh7+ Kf8 25. Nhg4 Nxg4 26. Nxg4 e5 27. Nxh6 Be6
28. Nf5 Bxf5 29. Qxf5+ Qf6 30. Qe4 Ke7 31. Qc6 Qe6 32. Be4 Qc8 33. Qd5 Qe6 34.
Qd2 g4 35. Bd5 Qh6 36. Qxh6 Bxh6 37. Re4 Rg8 38. Bxg8 Rxg8 39. b3 Ke6 40. c4
Bf8 41. Kf1 Kf5 42. Ree1 Be7 43. Ke2 Rb8 44. Rb1 e4 45. Red1 Ke5 46. f3 gxf3+
47. gxf3 Rg8 48. Kf2 e3+ 49. Kxe3 Rxg3 50. Rg1 Rh3 51. Rh1 Bg5+ 52. Ke2 Rxh1
53. Rxh1 bxc4 54. bxc4 Kd4 55. Rd1+ Kxc4 56. Rxd6 a5 57. Ra6 Kb4 58. Kd3 c4+
59. Kc2 1-0